Anatomy and Phsiology Cells - Statistics

General Stats
  • This quiz has been taken 57 times
  • The average score is 5 of 9
Answer Stats
Hint Answer % Correct
The process of cell reproduction that occurs when a cell divides into two identical daughter cells. Requires favorable conditions to grow and reproduce (needs food, oxygen, water, and suitable environment) Mitosis
76%
A dense specialized structure in the center of the cell. Controls growth and reproduction of the cell (contains genetic material) nucleus
76%
The basic unit of all living things Cells
75%
A thin layer of tissue that surrounds the cell and protects it's interior. It is semipermeable , meaning it can allow some substances to enter while excluding others. Cell membrane
67%
The watery fluid that surrounds the nucleus. provides structure to the cell parts so they can move freely within the cell membrane. The enzymes in it help break down food to provide nutrients for the cell Cytoplasm
67%
The process that a cell uses to convert nutrients to energy Metabolism
31%
A type of metabolism that uses simple molecules to form a complex molecule (requires energy) Anabolism
27%
A type of metabolism that breaks down complex molecules into simple molecules (releases energy) Catabolism
25%
A fluid that makes up the cell and/ is made of mineral salts, water, and nutrients protoplasm
12%
No matching quizzes found
Score Distribution
Percent of People with Each Score
Percentile by Number Answered
Your Score History
You have not taken this quiz